<?xml version="1.0" encoding="UTF-8"?>
<record
    xmlns:xsi="http://www.w3.org/2001/XMLSchema-instance"
    xsi:schemaLocation="http://www.loc.gov/MARC21/slim http://www.loc.gov/standards/marcxml/schema/MARC21slim.xsd"
    xmlns="http://www.loc.gov/MARC21/slim">

  <leader>01127nam a22002537a 4500</leader>
  <controlfield tag="005">20240803103252.0</controlfield>
  <controlfield tag="008">231124b           ||||| |||| 00| 0 eng d</controlfield>
  <datafield tag="040" ind1=" " ind2=" ">
    <subfield code="c">AL</subfield>
  </datafield>
  <datafield tag="041" ind1=" " ind2=" ">
    <subfield code="a">kan</subfield>
  </datafield>
  <datafield tag="082" ind1=" " ind2=" ">
    <subfield code="2">23</subfield>
    <subfield code="a">KD494.3</subfield>
    <subfield code="b">BOVK</subfield>
  </datafield>
  <datafield tag="100" ind1=" " ind2=" ">
    <subfield code="a">Boverianda Chetticha Uthaiah: </subfield>
    <subfield code="9">175039</subfield>
  </datafield>
  <datafield tag="100" ind1=" " ind2=" ">
    <subfield code="a">&#xCAC;&#xCCA;&#xCB5;&#xCCD;&#xCB5;&#xCC6;&#xCB0;&#xCBF;&#xCAF;&#xC82;&#xCA1;  &#xC9A;&#xCC6;&#xC9F;&#xCCD;&#xC9F;&#xCBF;&#xC9A; &#xC89;&#xCA4;&#xCCD;&#xCA4;&#xCAF;&#xCCD;&#xCAF; </subfield>
    <subfield code="9">175040</subfield>
  </datafield>
  <datafield tag="100" ind1=" " ind2=" ">
    <subfield code="9">143356</subfield>
    <subfield code="d">Boverianda Uthaiah Thangamma</subfield>
  </datafield>
  <datafield tag="100" ind1=" " ind2=" ">
    <subfield code="d">&#xCAC;&#xCCA;&#xCB5;&#xCCD;&#xCB5;&#xCC6;&#xCB0;&#xCBF;&#xCAF;&#xC82;&#xCA1;  &#xC89;&#xCA4;&#xCCD;&#xCA4;&#xCAF;&#xCCD;&#xCAF;  &#xCA4;&#xC82;&#xC97;&#xCAE;&#xCCD;&#xCAE; </subfield>
    <subfield code="9">143332</subfield>
  </datafield>
  <datafield tag="245" ind1=" " ind2=" ">
    <subfield code="a">Kodava Arivole</subfield>
    <subfield code="b">&#xC95;&#xCCA;&#xCA1;&#xCB5; &#xC85;&#xCB0;&#xCBF;&#xCB5;&#xCCB;&#xCB2;&#xCC6; </subfield>
  </datafield>
  <datafield tag="260" ind1=" " ind2=" ">
    <subfield code="a">Mangaluru</subfield>
    <subfield code="b">Prasaranga Mangalore University</subfield>
    <subfield code="c">2016</subfield>
  </datafield>
  <datafield tag="300" ind1=" " ind2=" ">
    <subfield code="a">xliii,867p.</subfield>
    <subfield code="b">HB</subfield>
    <subfield code="c">22x15cm.</subfield>
  </datafield>
  <datafield tag="365" ind1=" " ind2=" ">
    <subfield code="2">Kannada</subfield>
    <subfield code="a">063-65</subfield>
    <subfield code="b">500.00</subfield>
    <subfield code="c">&#x20B9;</subfield>
    <subfield code="d">250.00</subfield>
    <subfield code="e">50%</subfield>
    <subfield code="f">23-11-2023</subfield>
  </datafield>
  <datafield tag="650" ind1=" " ind2=" ">
    <subfield code="a">Kodava Dictionary: &#xC95;&#xCCA;&#xCA1;&#xCB5; &#xCAA;&#xCA6;&#xC95;&#xCCB;&#xCB6; </subfield>
    <subfield code="9">143333</subfield>
  </datafield>
  <datafield tag="650" ind1=" " ind2=" ">
    <subfield code="a">Kodava Kannada : &#xC95;&#xCCA;&#xCA1;&#xCB5; &#xC95;&#xCA8;&#xCCD;&#xCA8;&#xCA1; </subfield>
    <subfield code="9">143334</subfield>
  </datafield>
  <datafield tag="700" ind1=" " ind2=" ">
    <subfield code="a">UTTAIH (Boverianda Chetticha)</subfield>
    <subfield code="9">143335</subfield>
  </datafield>
  <datafield tag="700" ind1=" " ind2=" ">
    <subfield code="a">THANGAMMA (Boverianda Uthaiah): &#xCA4;&#xC82;&#xC97;&#xCAE;&#xCCD;&#xCAE; (&#xCAC;&#xCCA;&#xCB5;&#xCCD;&#xCB5;&#xCC6;&#xCB0;&#xCBF;&#xCAF;&#xC82;&#xCA1;  &#xC89;&#xCA4;&#xCCD;&#xCA4;&#xCAF;&#xCCD;&#xCAF;)</subfield>
    <subfield code="9">143336</subfield>
  </datafield>
  <datafield tag="942" ind1=" " ind2=" ">
    <subfield code="2">ddc</subfield>
    <subfield code="c">BK</subfield>
  </datafield>
  <datafield tag="999" ind1=" " ind2=" ">
    <subfield code="c">229301</subfield>
    <subfield code="d">229301</subfield>
  </datafield>
  <datafield tag="952" ind1=" " ind2=" ">
    <subfield code="0">0</subfield>
    <subfield code="1">0</subfield>
    <subfield code="2">ddc</subfield>
    <subfield code="4">0</subfield>
    <subfield code="7">3</subfield>
    <subfield code="8">KAN</subfield>
    <subfield code="a">AL</subfield>
    <subfield code="b">AL</subfield>
    <subfield code="d">2023-11-24</subfield>
    <subfield code="e">Prasaranga Mangalore University</subfield>
    <subfield code="g">250.00</subfield>
    <subfield code="l">0</subfield>
    <subfield code="o">KD494.3 BOVK</subfield>
    <subfield code="p">076957</subfield>
    <subfield code="r">2023-11-24 00:00:00</subfield>
    <subfield code="v">500.00</subfield>
    <subfield code="w">2023-11-24</subfield>
    <subfield code="y">BK</subfield>
  </datafield>
</record>
